| 000 | 01011nac a22003137a 4500 | ||
|---|---|---|---|
| 001 | BR0100302 | ||
| 003 | BR-BrBNA | ||
| 005 | 20240105122505.0 | ||
| 008 | 230509b bl.|||m| |||| 00| 0 por d | ||
| 040 |
_aBR-BrBNA _bpor _cBiblioteca Nacional de Agricultura |
||
| 072 | _aE10; L01 | ||
| 090 | _a1910 BR0100302 | ||
| 100 | 1 | _aYokoyama, L.P. | |
| 100 | 1 | _aViana Filho, A. | |
| 100 | 1 | _aBalbino, L.C. | |
| 100 | 1 | _aOliveira, I.P. de | |
| 100 | 1 | _aBarcelos, A. de O. | |
| 110 | 1 |
_aEMBRAPA Arroz e Feijao, Goiania, GO (Brasil) _93568 |
|
| 245 | 1 | _aAvaliacao economica de pastagens recuperadas pelo sistema barreirao: ganho de peso e lotacao animal | |
| 260 | 3 |
_aGoiania, GO (Brasil): _c1998. |
|
| 300 | _a2 p. | ||
| 490 |
_aPesquisa em Foco - EMBRAPA Arroz e Feijao (Brazil) _vno. 20 _xISSN 1415-2304 |
||
| 650 | _aPastagem | ||
| 650 | _aSistema de Cultivo | ||
| 650 | _aAnalise Economica | ||
| 650 | _aGanho de Peso | ||
| 909 |
_a202312 _bLúcia Elande _c55 _dLúcia Elande |
||
| 942 |
_2AGRIS _n0 _cMS |
||
| 999 |
_c291307 _d291307 |
||